000 01616nam0a2200373 4500
001 RU\NLR\BIBL_A\011668601
005 20180416122851.0
010 _a978-5-17-104438-1
_93000
021 _aRU
_bКН-П-18-1017
_9КН-П-18-014085
035 _a(NLR Aleph) 011668601
035 _a(RuMoRGB)009555714
090 _a11223694
_c11223694
100 _a20180402d2018 m y0rusy50 ca
101 1 _arus
_aeng
102 _aRU
105 _ay z 000ay
200 1 _aЗов Ктулху
_dThe call of Cthulhu
_e[словарь, комментарии]
_fГовард Филлипс Лавкрафт
_gадаптация текста, комментарии и словарь С. А. Матвеева
_zeng
210 _aМосква
_cLingua
_cАСТ
_d2018
215 _a189, [2] с.
_d20
225 1 _aЛегко читаем по-английски
_e4 уровень
300 _aАвт. также на англ. яз.: H. P. Lovecraft
333 _a16+
510 1 _6z45790
_aThe call of Cthulhu
_zeng
606 1 _aАнглийский язык
_jКниги для чтения
_2nlr_sh2
_3RU\NLR\AUTH\6646032
686 _aШ143.21-947
_2rubbk
686 1 _aШ143.21-93рус91
700 1 _aЛавкрафт
_bГ. Ф.
_f1890-1937
_gГовард Филлипс
_3RU\NLR\auth\7713740
702 1 _aМатвеев
_bС. А.
_cлингвист, философ
_gСергей Александрович
_3RU\NLR\AUTH\7732325
_4010
790 1 _6z45510
_aLovecraft
_bH. Ph.
_f1890-1937
_gHoward Phillips
942 _cBOOK
980 _aNBR
980 _aNB